Συντακτικό της αρχαίας ελληνικής : α, β, γ, λυκείου

Αποθηκεύτηκε σε:
Λεπτομέρειες βιβλιογραφικής εγγραφής
Κύριος συγγραφέας: Μουμτζάκης, Αναστάσιος Β.
Μορφή: Βιβλίο
Γλώσσα:Greek
Δημοσίευση: Αθήνα : Οργανισμός Εκδόσεως Διδακτικών Βιβλίων, 1981.
Θέματα:
Ετικέτες: Προσθήκη ετικέτας
Δεν υπάρχουν, Καταχωρήστε ετικέτα πρώτοι!

MARC

LEADER 00000cam a2200000 i 4500
001 1/18651
008 120328s1981 gr | ||| |||| ||gre||
035 |l 10112145 
040 |a GR-MyUA  |b gre  |e AACR2 
041 0 |a gre 
082 0 |a 485  |2 (22) 
100 1 |a Μουμτζάκης, Αναστάσιος Β. 
245 1 0 |a Συντακτικό της αρχαίας ελληνικής :   |b α, β, γ, λυκείου /   |c Α. Β. Μουμτζάκης.  
260 |a Αθήνα :   |b Οργανισμός Εκδόσεως Διδακτικών Βιβλίων,   |c 1981.  
300 |a 212 σ. ;   |c 20 εκ.  
650 0 0 |a Greek language, Hellenistic (300 B.C.-600 A.D.)  |x Syntax. 
852 |a INST  |b SAMOS  |e 20120328  |h 485 ΜΟΥ  |p 005300033914  |q 005300033914  |t BK  |y 0 
901 |a BIBL3-2012-1 
909 |a Σ  |b 172174 
970 |a ΓΟΥΒΑΛΑ  |b ΒΑΣΩ  |z 2012/03/28